|
|
|
|
| LEADER |
00635cam a2200217 7i4500 |
| 001 |
0000034249 |
| 005 |
20170413090000.0 |
| 007 |
##ta |
| 008 |
170413s2017 sx ar r 0 0eng c |
| 040 |
# |
# |
|a MATR
|
| 090 |
0 |
0 |
|a NAMB 380.109688105
|b NAM
|
| 245 |
0 |
0 |
|a NAMIBIA TRADE DIRECTORY 2017.
|
| 264 |
# |
1 |
|a Windhoek ::
|b Venture Publications,
|c 2017.
|
| 300 |
# |
# |
|a 240 pages;
|c 28 cm.
|
| 336 |
# |
# |
|a text
|2 rdacontent
|
| 337 |
# |
# |
|a unmediated
|2 rdamedia
|
| 338 |
# |
# |
|a volume
|2 rdacarrier
|
| 650 |
# |
0 |
|a Industries --
|z Namibia
|
| 651 |
# |
0 |
|a Namibia --
|x Commerce
|
| 710 |
1 |
# |
|a Namibia
|
| 999 |
|
|
|a 0000038739
|b Book
|c Countries
|e Business Information Centre
|